000
00301nam a22001337a 4500
008
171215b xxu||||| |||| 00| 0 eng d
020
_a
1578200539
041
_a
eng
080
_2
16 ED
_a
004
100
_a
31
101
_a
SHK
245
_a
NEWTON S TELECOM DICTIONARY
_c
HARRY.N
942
_2
udc
_c
BK
999
_c
39022
_d
39022